| 000 | 00819nam a22002417a 4500 | ||
|---|---|---|---|
| 003 | 0 | ||
| 005 | 20251009144004.0 | ||
| 008 | 251009b xxu||||| |||| 00| 0 eng d | ||
| 020 | _a978-1-032-55326-9 | ||
| 050 |
_aHM 1033 _b.V35 2025 |
||
| 100 |
_aVallacher, Robin R., _eauthor. |
||
| 245 |
_aSocial psychology : _bexploring the dynamics of human experience / _cRobin R. Vallacher and Peter M. Gollwitzer. |
||
| 250 | _aSecond edition. | ||
| 260 |
_aNew York, NY : _bRoutledge, _c2025. |
||
| 300 |
_axviii, 684 pages : _billustrations ; _c25 cm. |
||
| 504 | _aIncludes bibliographical references and index. | ||
| 650 | _aSocial psychology. | ||
| 650 | _aInterpersonal relations. | ||
| 650 | _aSocial interaction. | ||
| 650 | _aSocial interaction. | ||
| 700 |
_aGollwitzer, Peter M., _eauthor. |
||
| 942 |
_2lcc _cBK |
||
| 999 |
_c368207 _d368207 |
||